Pabellón 7

Enregistré dans:
Détails bibliographiques
Auteur principal: Tarsis, Valery (Auteur)
Format: Livre
Langue:espagnol
Publié: Buenos Aires Americana 1966
Collection:Colección Testimonios de Nuestro Tiempo
Sujets:
Tags: Ajouter un tag
Pas de tags, Soyez le premier à ajouter un tag!

MARC

LEADER 00000nam a2200000 a 4500
001 UCU0762
003 CL-VaPUC
008 960329e19660000AG |||||||||||||||||spa|d
082 0 4 |a 891.703  |b TAR  |2 21 
100 0 |a Tarsis, Valery  |e author  |9 356169 
245 1 0 |a Pabellón 7 
300 |a 190 p 
942 |c BK 
945 |d 19960329 00:00:00  |a rbrito 
260 |a Buenos Aires  |b Americana  |c 1966 
650 0 |a Novelas rusas   |9 316330 
583 |a last modification  |c 19960329 00:00:00  |k Rodrigo Vera 
490 0 |a Colección Testimonios de Nuestro Tiempo 
999 |c 245572  |d 245570 
952 |0 0  |1 0  |4 0  |6 891_703000000000000_TAR_1966  |7 0  |8 A  |9 260117  |a BIBEDU  |b BIBEDU  |d 2019-11-19  |i 3184528  |o 891.703 TAR 1966  |p 3184528  |r 2019-11-19  |w 2019-11-19  |y BK  |k LIT